01066cam a2200277Ma 4500001001300000003000600013005001700019008004100036020001800077020001500095035002100110040005100131041000800182245018000190260006000370300004000430504005300470650003400523650001800557650003000575650003300605651004500638700003500683700004300718700002700761ocn940716604OCoLC20181106200614.0161206s2011 bl ab b 000 0 por d a9788560778652 a8560778659 a(OCoLC)940716604 aCO-BoUCMbsparcJose A. GerenadJose A. Gerena0 apor03aOs novos rumos do regionalismo e as alternativas políticas na América do SulcJavier A. Vadell, Taiane Las Casas Campos, organizadores ; Allan Batista Gabriel...[y otros.] aBello Horizonte (Minas Gerais, Brasil)bPUC Minasc2011 a421 páginasbilustraciones, mapas aIncluye referencias bibliográficas e índices 7aRelacionales internacionales  7aRegionalismo  7aPolítica internacional  7aCooperación internacional  0aAmérica del SurxRelaciones exteriores1 aVadell, Javier A.ecoordinador1 aCampos, Taiane Las Casas.ecoordinador1 aBatista Gabriel, Allan